Property Week: (Record no. 121243)
[ view plain ]
| 000 -LEADER | |
|---|---|
| fixed length control field | 00632nam a22001457a 4500 |
| 001 - CONTROL NUMBER | |
| control field | K121243 |
| 008 - FIXED-LENGTH DATA ELEMENTS--GENERAL INFORMATION | |
| fixed length control field | 190716b2020 ||||| |||| 00| 0 eng d |
| 110 ## - MAIN ENTRY--CORPORATE NAME | |
| 9 (RLIN) | 1549 |
| Corporate author | Property Week |
| 245 ## - TITLE STATEMENT | |
| Title | Property Week: |
| Subtitle | Covid-19 Support Hub |
| 520 ## - ABSTRACT | |
| Abstract | Covid-19 support hub is a free resource from Property Week includes articles and support about the Coronavirus epidemic. With insight and comment, legal and professional advice and analysis. |
| 650 ## - KEYWORDS | |
| Keywords | covid 19 |
| 650 ## - KEYWORDS | |
| Keywords | coronavirus |
| 690 ## - LOCAL SUBJECT ADDED ENTRY--TOPICAL TERM (OCLC, RLIN) | |
| 9 (RLIN) | 6244 |
| Topical term or geographic name as entry element | Health and safety |
| 856 ## - ONLINE RESOURCE | |
| Uniform Resource Identifier | https://www.propertyweek.com/news/covid-19 |
| Public note | View the website www.propertyweek.com/news/covid-19 |
| Withdrawn status | Lost status | Source of classification or shelving scheme | Damaged status | Not for loan | Home library | Current library | Date acquired | Total Checkouts | Date last seen | Price effective from | Koha item type |
|---|---|---|---|---|---|---|---|---|---|---|---|
| Dewey Decimal Classification | Virtual | Virtual | 27/03/2020 | 27/03/2020 | 27/03/2020 | News article |